000 00818nmc a2200289 a 4500
003 AR-BaBNM
005 20251128210943.0
008 011101s2001 ||||||||||||||000 | spa||
020 _a950-9822-59-0
040 _cAR-BaBNM
110 2 _aCírculo Militar [Argentina]
245 1 0 _aLos 70
_bviolencia en la Argentina
260 _aBuenos Aires
_bCírculo Militar
_c2001
300 _a189 p.
_btablas, il., láms.
490 0 _aBiblioteca del oficial
650 4 _aHISTORIA ARGENTINA
650 4 _aHISTORIA POLITICA
650 4 _aPARTIDOS POLITICOS
650 4 _aSIGLO VEINTE
650 4 _aSUBVERSION EN ARGENTINA
650 4 _aREVOLUCION
651 4 _aArgentina
653 _aPERONISMO
653 _aPROCESO DE REORGANIZACION NACIONAL 1976-83
653 _aDICTADURA MILITAR 1976-1983
942 _cBK
999 _c17616
_d17616